|
|
|
|
| LEADER |
00000nam0a2200000 4500 |
| 001 |
28397 |
| 005 |
20231030202823.0 |
| 010 |
|
|
|a 5230114398
|
| 035 |
|
|
|a (RuTPU)RU\TPU\book\28653
|
| 035 |
|
|
|a BOOK00028728
|
| 090 |
|
|
|a 28397
|
| 100 |
|
|
|a 20011209d1993 k y0rusy50 ca
|
| 101 |
0 |
|
|a rus
|
| 102 |
|
|
|a RU
|
| 105 |
|
|
|a a 000|y
|
| 200 |
1 |
|
|a Маркшейдерское обеспечение рационального использования и охраны недр
|e Сборник научных трудов
|f Новочерк. политехн. ин-т им. С. Орджоникидзе
|
| 210 |
|
|
|a Новочеркасск
|c Изд-во НПИ
|d 1993
|
| 215 |
|
|
|a 116 с.
|c ил.
|
| 610 |
1 |
|
|a горное дело
|
| 610 |
1 |
|
|a маркшейдерское дело
|
| 610 |
1 |
|
|a недра
|
| 610 |
1 |
|
|a рациональное использование
|
| 610 |
1 |
|
|a охрана
|
| 610 |
1 |
|
|a угольные шахты
|
| 675 |
|
|
|a 622.1:528
|v 3
|
| 712 |
0 |
2 |
|a Новочеркасский политехнический институт им. Серго Орджоникидзе
|
| 801 |
|
0 |
|a RU
|b 63413507
|c 20011209
|g PSBO
|
| 801 |
|
2 |
|a RU
|b 63413507
|c 20090205
|g PSBO
|
| 942 |
|
|
|c BK
|